000 00560nam a2200169Ia 4500
003 GCL
008 140319s9999 xx 000 0 ara d
040 _aGCL /
_cGCL
082 0 4 _a001.6404
_bم ن
100 1 _aمحمد نبهان سويلم
245 1 0 _aنظم تشغيل الحاسبات الالكترونية /
_cمحمد نبهان سويلم
260 _a[S.N] :
_bلجنة الاعلام والدراسات المستقبلية ،
_c1992
300 _a299 ص
490 _a
650 0 4 _aالحاسبات الالكترونية
942 _2ddc
_cBK
999 _c47497
_d47497